LEADER 03034oam 22007215 450 001 9910964372103321 005 20240514040957.0 010 $a9786613292636 010 $a9781283292634 010 $a1283292637 010 $a9780821387863 010 $a0821387863 024 7 $a10.1596/978-0-8213-8785-6 035 $a(CKB)2550000000049523 035 $a(EBL)781366 035 $a(OCoLC)755417102 035 $a(SSID)ssj0000536937 035 $a(PQKBManifestationID)12177709 035 $a(PQKBTitleCode)TC0000536937 035 $a(PQKBWorkID)10550840 035 $a(PQKB)10280559 035 $a(MiAaPQ)EBC781366 035 $a(Au-PeEL)EBL781366 035 $a(CaPaEBR)ebr10506399 035 $a(CaONFJC)MIL329263 035 $a(OCoLC)757104400 035 $a(The World Bank)2011025640 035 $a(US-djbf)16832364 035 $a(Perlego)1483731 035 $a(EXLCZ)992550000000049523 100 $a20110617d2011 uy 0 101 0 $aeng 135 $aurcn||||||||| 181 $ctxt$2rdacontent 182 $cc$2rdamedia 183 $acr$2rdacarrier 200 00$aFrontiers in development policy /$fby Raj Nallari, Shahid Yusuf, Breda Griffith, and Rwitwika Bhattacharya 205 $a1st ed. 210 1$aWashington, D.C. :$cWorld Bank,$dc2011 215 $axiv, 297 pages $cillustrations ;$d24 cm 300 $aDescription based upon print version of record. 311 08$a9780821387856 311 08$a0821387855 320 $aIncludes bibliographical references and index. 327 $aDevelopment challenges in a post-crisis world -- Private enterprise and development -- Growth and development strategies and rethinking development -- Human development policies -- Managing risks. 330 $aThe global crisis of 2008-09 has brought to the forefront a plethora of economic and political policy issues. There is a re-opening of discussion on basic economic concepts, appropriate framework for analysis, role of private and public sectors in the economy, structural transformation of economies, human development and managing of growing risks and crises. The purpose of this book has been to bring home the inter-linkages in various parts of the economy and the need for practical policy making to reach development goals while being aware of the instabilities, complexities and downside risks 410 0$aWorld Bank e-Library. 606 $aGlobal Financial Crisis, 2008-2009 606 $aFree enterprise$zDeveloping countries 606 $aEconomic development$xEnvironmental aspects$zDeveloping countries 607 $aDeveloping countries$xEconomic policy 615 0$aGlobal Financial Crisis, 2008-2009. 615 0$aFree enterprise 615 0$aEconomic development$xEnvironmental aspects 676 $a338.9 701 $aNallari$b Raj$f1955-$0118814 801 0$bDLC 801 1$bDLC 801 2$bDLC 906 $aBOOK 912 $a9910964372103321 996 $aFrontiers in development policy$94367496 997 $aUNINA LEADER 05198nam 22005533 450 001 9911008920303321 005 20230629222710.0 010 $a9780830854806 010 $a0830854800 035 $a(CKB)4100000012049979 035 $a(MiAaPQ)EBC6741147 035 $a(Au-PeEL)EBL6741147 035 $a(OCoLC)1281961805 035 $a(Perlego)2984507 035 $a(EXLCZ)994100000012049979 100 $a20211214d2021 uy 0 101 0 $aeng 135 $aurcnu|||||||| 181 $ctxt$2rdacontent 182 $cc$2rdamedia 183 $acr$2rdacarrier 200 10$aDiscovering Biblical Equality $eBiblical, Theological, Cultural, and Practical Perspectives 205 $a1st ed. 210 1$aWestmont :$cInterVarsity Press,$d2021. 210 4$d©2021. 215 $a1 online resource (695 pages) 311 08$a9780830854790 311 08$a0830854797 327 $aIntro -- Title Page -- Dedication Page -- Contents -- Acknowledgments -- Abbreviations -- Introduction: Ronald W. Pierce, Cynthia Long Westfall, and Christa L. McKirland -- 1 History Matters: Evangelicals and Women: Mimi Haddad -- Part I: Looking to Scripture: The Biblical Texts -- 2 Gender in Creation and Fall Genesis 1-3: Mary L. Conway -- 3 The Treatment of Women Under the Mosaic Law: Ronald W. Pierce and Mary L. Conway -- 4 Women Leaders in the Bible: Linda L. Belleville -- 5 Jesus' Treatment of Women in the Gospels: Aída Besançon Spencer -- 6 Mutuality in Marriage and Singleness: 1 Corinthians 7:1-40: Ronald W. Pierce and Elizabeth A. Kay -- 7 Praying and Prophesying in the Assemblies: 1 Corinthians 11:2-16: Gordon D. Fee -- 8 Learning in the Assemblies: 1 Corinthians 14:34-35: Craig S. Keener -- 9 Male and Female, One in Christ: Galatians 3:26-29: Cynthia Long Westfall -- 10 Loving and Submitting to One Another in Marriage: Ephesians 5:21-33 and Colossians 3:18-19: Lynn H. Cohick -- 11 Teaching and Usurping Authority: 1 Timothy 2:11-15: Linda L. Belleville -- 12 A Silent Witness in Marriage: 1 Peter 3:1-7: Peter H. Davids -- Part II: Thinking it Through: Theological and Logical Perspectives -- 13 The Priority of Spirit Gifting for Church Ministry: Gordon D. Fee -- 14 The Nature of Authority in the New Testament: Walter L. Liefeld -- 15 Image of God and Divine Presence: A Critique of Gender Essentialism: Christa L. McKirland -- 16 Biblical Priesthood and Women in Ministry: Stanley J. Grenz -- 17 Gender Equality and the Analogy of Slavery: Stanley E. Porter -- 18 The Trinity Argument for Women's Subordination: The Story of Its Rise, Ascendancy, and Fall: Kevin Giles -- 19 Biblical Images of God as Mother and Spiritual Formation: Ronald W. Pierce and Erin M. Heim. 327 $a20 "Equal in Being, Unequal in Role:" Challenging the Logic of Women's Subordination: Rebecca Merrill Groothuis -- Part III: Addressing the Issues: Interpretive and Cultural Perspectives -- 21 Interpretive Methods and the Gender Debate: Cynthia Long Westfall -- 22 Gender Differences and Biblical Interpretation: A View from the Social Sciences: M. Elizabeth Lewis Hall -- 23 A Defense of Gender-Accurate Bible Translation: Jeffrey D. Miller -- 24 Biblical Equality and Same-Sex Marriage: Ronald W. Pierce -- 25 Gender Equality and the Sanctity of Life: Heidi R. Unruh and Ronald J. Sider -- Part IV: Living it Out: Practical Applications -- 26 Helping the Church Understand Biblical Gender Equality: Mimi Haddad -- 27 Marriage as a Partnership of Equals: Judith K. Balswick and Jack O. Balswick -- 28 Complementarianism and Domestic Abuse: A Social-Scientific Perspective on Whether "Equal but Different" Is Really Equal at All: Kylie Maddox Pidgeon -- 29 When We Were Not Women: Race and Discourses on Womanhood: Juliany González Nieves -- 30 Human Flourishing: Global Perspectives: Mimi Haddad -- 31 Toward Reconciliation: Healing the Schism: Alice P. Mathews -- Conclusion: Ronald W. Pierce, Cynthia Long Westfall, and Christa L. McKirland -- List of Contributors -- Name Index -- Subject Index -- Scripture Index -- Notes -- Praise for Discovering Biblical Equality -- About the Authors -- More Titles from InterVarsity Press -- Copyright. 330 $aThe conversation about gender roles in Christian life and the church has evolved, but the topic continues to inspire debate and disagreement. Now in its third edition, this fresh, positive defense of gender equality brings together scholars firmly committed to the authority of Scripture to explore historical, biblical, theological, cultural, and practical aspects of this discussion. 517 $aDiscovering Biblical Equality 606 $aSex role$xBiblical teaching 606 $aEquality$xBiblical teaching 606 $aEvangelicalism 615 0$aSex role$xBiblical teaching. 615 0$aEquality$xBiblical teaching. 615 0$aEvangelicalism. 676 $a220.8/3053 700 $aPierce$b Ronald W$01827907 701 $aWestfall$b Cynthia Long$01827908 701 $aMcKirland$b Christa L$01827909 801 0$bMiAaPQ 801 1$bMiAaPQ 801 2$bMiAaPQ 906 $aBOOK 912 $a9911008920303321 996 $aDiscovering Biblical Equality$94396018 997 $aUNINA